| 000 | 01041cam a22002893a 4500 | ||
|---|---|---|---|
| 001 | 12044 | ||
| 003 | PGUSA | ||
| 005 | 20140828083243.0 | ||
| 008 | 040401s2004||||xxu|||||s|||||000 | eng d | ||
| 040 |
_aPGUSA _beng |
||
| 042 | _adc | ||
| 050 | 4 | _aE300 | |
| 100 | 1 | _aBirney, Catherine H. | |
| 245 | 1 | 4 |
_aThe Grimké Sisters : _bSarah and Angelina Grimké: the First American Women Advocates of Abolition and Woman's Rights _h[electronic resource] / _cCatherine H. Birney |
| 260 |
_bProject Gutenberg, _c2004 |
||
| 506 | _aPublic domain in the USA. | ||
| 516 | _aElectronic text | ||
| 653 | _aFeminists -- South Carolina -- Biography | ||
| 653 | _aGrimké, Sarah Moore, 1792-1873 | ||
| 653 | _aGrimké, Angelina Emily, 1805-1879 | ||
| 653 | _aWomen abolitionists -- South Carolina -- Biography | ||
| 653 | _aSisters -- South Carolina -- Biography | ||
| 653 | _aWomen's rights -- United States -- History -- 19th century | ||
| 830 | 0 |
_aProject Gutenberg _v12044 |
|
| 856 | 4 | 0 | _uhttp://www.gutenberg.org/ebooks/12044 |
| 942 | _cEB | ||
| 999 |
_c241299 _d241299 |
||